[Event "DEM U10 2017"]
[Site "Willingen GER"]
[Date "2017.06.07"]
[Round "6"]
[White "Nitsche, Nikolai"]
[Black "Costa, Leonardo"]
[Result "0-1"]
[Termination "normal"]
[Board "1"]
[WhiteElo "1465"]
[BlackElo "1704"]
[WhiteClock "00:00:46"]
[BlackClock "00:19:43"]
[PlyCount "70"]
[WhiteFideId "16221036"]
[BlackFideId "16213955"]
[EventCountry "GER"]
[EventRounds "11"]
[EventType "swiss"]
[EventDate "2017.06.03"]

1. e4 {[%clk 1:15:57]} 1... e5 {[%clk 1:15:55]} 2. Nf3 {[%clk 1:16:21]} 2...
Nc6 {[%clk 1:16:20]} 3. d4 {[%clk 1:16:43]} 3... exd4 {[%clk 1:16:45]} 4. Nxd4
{[%clk 1:17:02]} 4... Bc5 {[%clk 1:17:07]} 5. Nxc6 {[%clk 1:17:04]} 5... Qf6 {
[%clk 1:17:31]} 6. Qf3 {[%clk 1:17:08]} 6... bxc6 {[%clk 1:17:38]} 7. Nc3 {
[%clk 1:16:10]} 7... d6 {[%clk 1:15:52]} 8. Be3 {[%clk 1:15:12]} 8... Bb4 {
[%clk 1:10:05]} 9. Bd2 {[%clk 1:14:54]} 9... Qxf3 {[%clk 1:04:52]} 10. gxf3 {
[%clk 1:14:14]} 10... Ne7 {[%clk 1:05:03]} 11. Rg1 {[%clk 1:14:17]} 11... O-O {
[%clk 1:05:05]} 12. Bh6 {[%clk 1:14:05]} 12... Ng6 {[%clk 1:05:26]} 13. Bd2 {
[%clk 1:13:00]} 13... Re8 {[%clk 1:04:17]} 14. O-O-O {[%clk 1:10:34]} 14... Bb7
{[%clk 0:58:14]} 15. a3 {[%clk 1:00:13]} 15... Ba5 {[%clk 0:57:14]} 16. Bc4 {
[%clk 0:41:45]} 16... Rad8 {[%clk 0:49:11]} 17. Bb3 {[%clk 0:40:13]} 17... Ne5
{[%clk 0:36:50]} 18. Rg3 {[%clk 0:36:41]} 18... Ba6 {[%clk 0:31:21]} 19. Rdg1 {
[%clk 0:33:52]} 19... g6 {[%clk 0:30:48]} 20. h4 {[%clk 0:25:18]} 20... Nc4 {
[%clk 0:23:51]} 21. h5 {[%clk 0:20:10]} 21... Nxd2 {[%clk 0:24:06]} 22. Kxd2 {
[%clk 0:20:29]} 22... d5 {[%clk 0:23:39]} 23. Kc1 {[%clk 0:19:04]} 23... Kg7 {
[%clk 0:21:47]} 24. Ba4 {[%clk 0:12:53]} 24... Re6 {[%clk 0:21:27]} 25. Bb3 {
[%clk 0:09:17]} 25... Rf6 {[%clk 0:20:51]} 26. exd5 {[%clk 0:06:30]} 26... Bxc3
{[%clk 0:21:14]} 27. bxc3 {[%clk 0:06:54]} 27... cxd5 {[%clk 0:21:38]} 28. hxg6
{[%clk 0:06:11]} 28... fxg6 {[%clk 0:21:39]} 29. Rd1 {[%clk 0:06:16]} 29... c6
{[%clk 0:21:36]} 30. c4 {[%clk 0:05:34]} 30... d4 {[%clk 0:21:53]} 31. c3 {
[%clk 0:05:21]} 31... d3 {[%clk 0:21:38]} 32. Kd2 {[%clk 0:02:57]} 32... Rb8 {
[%clk 0:20:29]} 33. Ba4 {[%clk 0:02:09]} 33... Bxc4 {[%clk 0:20:49]} 34. Rg4 {
[%clk 0:00:56]} 34... Ba6 {[%clk 0:20:44]} 35. c4 {[%clk 0:00:46]} 35... Rb2+ {
[%clk 0:19:43]} 0-1

[Event "DEM U10 2017"]
[Site "Willingen GER"]
[Date "2017.06.07"]
[Round "6"]
[White "Prieb, Robert"]
[Black "Rempe, Jonas"]
[Result "0-1"]
[Termination "normal"]
[Board "2"]
[WhiteElo "1583"]
[BlackElo "1733"]
[WhiteClock "00:18:38"]
[BlackClock "00:05:34"]
[PlyCount "78"]
[WhiteFideId "16212002"]
[BlackFideId "16202406"]
[EventCountry "GER"]
[EventRounds "11"]
[EventType "swiss"]
[EventDate "2017.06.03"]

1. d4 {[%clk 1:15:55]} 1... Nf6 {[%clk 1:15:45]} 2. c4 {[%clk 1:16:14]} 2... g6
{[%clk 1:16:10]} 3. Nc3 {[%clk 1:16:34]} 3... Bg7 {[%clk 1:16:28]} 4. e4 {
[%clk 1:16:50]} 4... d6 {[%clk 1:16:54]} 5. Nf3 {[%clk 1:17:06]} 5... O-O {
[%clk 1:16:59]} 6. Be2 {[%clk 1:17:26]} 6... Na6 {[%clk 1:17:03]} 7. O-O {
[%clk 1:17:01]} 7... e5 {[%clk 1:17:28]} 8. dxe5 {[%clk 1:12:52]} 8... dxe5 {
[%clk 1:17:51]} 9. Qc2 {[%clk 1:11:10]} 9... Nh5 {[%clk 1:08:11]} 10. Bg5 {
[%clk 1:08:23]} 10... Qe8 {[%clk 1:03:05]} 11. Nd5 {[%clk 1:04:29]} 11... f6 {
[%clk 1:02:08]} 12. Be3 {[%clk 1:02:52]} 12... c6 {[%clk 1:00:59]} 13. Nc3 {
[%clk 1:01:42]} 13... f5 {[%clk 0:59:59]} 14. a3 {[%clk 0:56:55]} 14... f4 {
[%clk 0:55:45]} 15. Bd2 {[%clk 0:56:50]} 15... Bf6 {[%clk 0:52:55]} 16. Ne1 {
[%clk 0:51:53]} 16... Kh8 {[%clk 0:46:43]} 17. Qd1 {[%clk 0:46:01]} 17... Rg8 {
[%clk 0:41:35]} 18. Bg4 {[%clk 0:45:00]} 18... Be6 {[%clk 0:32:48]} 19. Bxe6 {
[%clk 0:44:39]} 19... Qxe6 {[%clk 0:31:20]} 20. Qe2 {[%clk 0:44:22]} 20... Nc5
{[%clk 0:28:54]} 21. Rd1 {[%clk 0:38:32]} 21... Nb3 {[%clk 0:28:35]} 22. Nc2 {
[%clk 0:37:17]} 22... Nxd2 {[%clk 0:27:58]} 23. Rxd2 {[%clk 0:37:28]} 23...
Raf8 {[%clk 0:28:12]} 24. f3 {[%clk 0:35:47]} 24... g5 {[%clk 0:27:55]} 25.
Rfd1 {[%clk 0:34:32]} 25... Be7 {[%clk 0:27:54]} 26. b4 {[%clk 0:33:40]} 26...
g4 {[%clk 0:27:52]} 27. Kh1 {[%clk 0:32:08]} 27... Rf7 {[%clk 0:13:46]} 28. Qf1
{[%clk 0:28:21]} 28... Qh6 {[%clk 0:12:43]} 29. Ne2 {[%clk 0:28:26]} 29... Rfg7
{[%clk 0:12:32]} 30. Qf2 {[%clk 0:24:37]} 30... gxf3 {[%clk 0:09:53]} 31. gxf3
{[%clk 0:24:17]} 31... Bg5 {[%clk 0:06:38]} 32. Rd6 {[%clk 0:21:26]} 32... Bf6
{[%clk 0:07:00]} 33. c5 {[%clk 0:18:36]} 33... Ng3+ {[%clk 0:05:34]} 34. Nxg3 {
[%clk 0:18:38]} 34... fxg3 {[%clk 0:05:58]} 35. Qd2 {[%clk 0:17:58]} 35...
Qxh2+ {[%clk 0:06:02]} 36. Qxh2 {[%clk 0:18:20]} 36... gxh2 {[%clk 0:06:23]}
37. Kxh2 {[%clk 0:18:45]} 37... Rg2+ {[%clk 0:05:50]} 38. Kh1 {[%clk 0:19:00]}
38... R2g6 {[%clk 0:05:35]} 39. Ne3 {[%clk 0:18:38]} 39... Rh6# {[%clk 0:05:34]
} 0-1

[Event "DEM U10 2017"]
[Site "Willingen GER"]
[Date "2017.06.07"]
[Round "6"]
[White "Fuchs, Florian"]
[Black "Hagner, Bennet"]
[Result "1-0"]
[Termination "normal"]
[Board "3"]
[WhiteElo "1758"]
[BlackElo "1683"]
[WhiteClock "00:07:32"]
[BlackClock "00:08:34"]
[PlyCount "121"]
[WhiteFideId "16213351"]
[BlackFideId "16224477"]
[EventCountry "GER"]
[EventRounds "11"]
[EventType "swiss"]
[EventDate "2017.06.03"]

1. e4 {[%clk 1:15:58]} 1... c6 {[%clk 1:15:55]} 2. d4 {[%clk 1:16:22]} 2... d5
{[%clk 1:16:20]} 3. e5 {[%clk 1:16:47]} 3... c5 {[%clk 1:16:44]} 4. c4 { [%clk
1:15:20]} 4... Nc6 {[%clk 1:16:06]} 5. Nf3 {[%clk 1:14:52]} 5... Bg4 { [%clk
1:16:09]} 6. cxd5 {[%clk 1:09:27]} 6... Qxd5 {[%clk 1:16:01]} 7. Nc3 { [%clk
1:09:13]} 7... Bxf3 {[%clk 0:56:15]} 8. Nxd5 {[%clk 1:02:49]} 8... Bxd1 { [%clk
0:56:34]} 9. Nc7+ {[%clk 1:00:35]} 9... Kd8 {[%clk 0:56:57]} 10. Nxa8 { [%clk
1:01:00]} 10... Bg4 {[%clk 0:56:00]} 11. dxc5 {[%clk 0:50:39]} 11... e6 { [%clk
0:48:11]} 12. Be3 {[%clk 0:46:29]} 12... Nge7 {[%clk 0:46:10]} 13. f3 { [%clk
0:40:07]} 13... Bf5 {[%clk 0:44:25]} 14. Rd1+ {[%clk 0:38:04]} 14... Kc8 {[%clk
0:43:45]} 15. Bc4 15... g5 {[%clk 0:31:07]} 16. O-O {[%clk 0:29:14]} 16... h6
{[%clk 0:30:12]} 17. Rd2 {[%clk 0:24:44]} 17... Bg7 {[%clk 0:29:33]} 18. Rfd1
{[%clk 0:23:11]} 18... Rd8 {[%clk 0:27:50]} 19. Rxd8+ {[%clk 0:20:53]} 19...
Nxd8 {[%clk 0:28:03]} 20. b4 {[%clk 0:19:58]} 20... Nec6 {[%clk 0:14:35]} 21.
b5 {[%clk 0:18:55]} 21... Nxe5 {[%clk 0:14:31]} 22. Be2 {[%clk 0:18:06]} 22...
Bf8 {[%clk 0:13:11]} 23. b6 {[%clk 0:16:37]} 23... a6 {[%clk 0:13:27]} 24. Nc7
{[%clk 0:16:40]} 24... Bc2 {[%clk 0:09:48]} 25. Rd2 {[%clk 0:13:56]} 25... Ba4
{[%clk 0:09:48]} 26. Nxa6 {[%clk 0:10:51]} 26... bxa6 {[%clk 0:09:46] } 27.
Bxa6+ {[%clk 0:11:10]} 27... Nb7 {[%clk 0:09:55]} 28. Bd4 {[%clk 0:08:44] }
28... Nc6 {[%clk 0:09:28]} 29. Bf2 {[%clk 0:07:48]} 29... Kb8 {[%clk 0:08:33] }
30. Bxb7 {[%clk 0:07:51]} 30... Kxb7 {[%clk 0:08:51]} 31. Rd7+ 31... Ka6 {
[%clk 0:07:48]} 32. Rxf7 {[%clk 0:07:54]} 32... Be7 {[%clk 0:08:02]} 33. Rh7 {
[%clk 0:06:04]} 33... Bf8 {[%clk 0:08:09]} 34. Rh8 {[%clk 0:05:04]} 34... Bg7 {
[%clk 0:08:04]} 35. Ra8+ {[%clk 0:05:15]} 35... Kb5 {[%clk 0:08:25]} 36. b7 {
[%clk 0:05:16]} 36... Be5 {[%clk 0:07:42]} 37. Bg3 {[%clk 0:05:23]} 37... Bd4+
{[%clk 0:07:39]} 38. Kf1 {[%clk 0:05:29]} 38... Bxc5 {[%clk 0:07:26]} 39. b8=Q+
{[%clk 0:05:48]} 39... Nxb8 {[%clk 0:07:48]} 40. Rxb8+ {[%clk 0:06:04]} 40...
Kc4 {[%clk 0:07:47]} 41. Rc8 {[%clk 0:04:14]} 41... Kb4 {[%clk 0:06:25]} 42.
Be1+ {[%clk 0:02:49]} 42... Kb5 {[%clk 0:06:35]} 43. g3 {[%clk 0:02:39]} 43...
Bc2 {[%clk 0:06:03]} 44. Rh8 {[%clk 0:02:19]} 44... Be3 {[%clk 0:02:54]} 45.
Bf2 {[%clk 0:15:07]} 45... Bc1 {[%clk 0:16:43]} 46. Rxh6 {[%clk 0:14:25]} 46...
e5 {[%clk 0:15:01]} 47. Rh8 {[%clk 0:13:27]} 47... Bd3+ {[%clk 0:13:51]} 48.
Kg2 {[%clk 0:12:37]} 48... e4 {[%clk 0:11:29]} 49. fxe4 {[%clk 0:11:28]} 49...
Bxe4+ {[%clk 0:11:48]} 50. Kg1 {[%clk 0:11:29]} 50... Kb4 {[%clk 0:11:35]} 51.
h4 {[%clk 0:10:17]} 51... g4 {[%clk 0:10:29]} 52. h5 {[%clk 0:09:26]} 52... Bb2
{[%clk 0:08:06]} 53. Rg8 {[%clk 0:08:20]} 53... Ka3 {[%clk 0:07:56]} 54. Rxg4 {
[%clk 0:07:58]} 54... Bf3 {[%clk 0:08:15]} 55. Rg5 {[%clk 0:08:17]} 55... Kxa2
{[%clk 0:08:04]} 56. h6 {[%clk 0:07:27]} 56... Be4 {[%clk 0:08:20]} 57. Rh5 {
[%clk 0:07:05]} 57... Bg6 {[%clk 0:08:25]} 58. Rh2 {[%clk 0:07:15]} 58... Bh7 {
[%clk 0:08:46]} 59. Bd4 {[%clk 0:07:35]} 59... Bc2 {[%clk 0:08:15]} 60. Rxc2 {
[%clk 0:07:44]} 60... Ka1 {[%clk 0:08:34]} 61. Bxb2+ {[%clk 0:07:32]} 1-0

[Event "DEM U10 2017"]
[Site "Willingen GER"]
[Date "2017.06.07"]
[Round "6"]
[White "Krüger, Aurelian"]
[Black "Metzdorf, Matteo"]
[Result "1/2-1/2"]
[Termination "normal"]
[Board "4"]
[WhiteElo "1657"]
[BlackElo "1466"]
[WhiteClock "00:03:15"]
[BlackClock "00:03:27"]
[PlyCount "55"]
[WhiteFideId "16230400"]
[BlackFideId "16209869"]
[EventCountry "GER"]
[EventRounds "11"]
[EventType "swiss"]
[EventDate "2017.06.03"]

1. e4 {[%clk 1:15:59]} 1... c5 {[%clk 1:15:53]} 2. d4 {[%clk 1:16:22]} 2... e6
{[%clk 1:15:51]} 3. Nf3 {[%clk 1:15:32]} 3... cxd4 {[%clk 1:15:35]} 4. c3 {
[%clk 1:15:44]} 4... dxc3 {[%clk 1:15:12]} 5. Nxc3 {[%clk 1:16:07]} 5... a6 {
[%clk 1:13:21]} 6. a4 {[%clk 1:11:37]} 6... Nc6 {[%clk 1:11:28]} 7. Be3 { [%clk
1:08:15]} 7... Bb4 {[%clk 1:06:50]} 8. Qc2 {[%clk 1:00:42]} 8... Nge7 { [%clk
0:55:23]} 9. Bc4 {[%clk 0:57:36]} 9... Ng6 {[%clk 0:41:16]} 10. O-O { [%clk
0:48:17]} 10... O-O {[%clk 0:36:34]} 11. Rfd1 {[%clk 0:38:53]} 11... Nce5
{[%clk 0:29:56]} 12. Nxe5 {[%clk 0:39:04]} 12... Nxe5 {[%clk 0:30:04]} 13. Be2
{[%clk 0:34:11]} 13... Qc7 {[%clk 0:24:39]} 14. Rac1 {[%clk 0:18:57]} 14... Qa5
{[%clk 0:18:39]} 15. Na2 {[%clk 0:14:30]} 15... Be7 {[%clk 0:17:47]} 16. b4 {
[%clk 0:12:02]} 16... Qd8 {[%clk 0:17:44]} 17. Bf4 {[%clk 0:09:25]} 17... Bf6 {
[%clk 0:15:21]} 18. Be3 {[%clk 0:08:57]} 18... Be7 {[%clk 0:10:37]} 19. a5 {
[%clk 0:08:04]} 19... Nc6 {[%clk 0:08:37]} 20. Bb6 {[%clk 0:06:36]} 20... Qe8 {
[%clk 0:08:39]} 21. Qb3 {[%clk 0:06:01]} 21... f5 {[%clk 0:06:06]} 22. exf5 {
[%clk 0:04:57]} 22... Rxf5 {[%clk 0:06:09]} 23. Qh3 {[%clk 0:04:34]} 23... g6 {
[%clk 0:04:42]} 24. g4 {[%clk 0:03:53]} 24... Rf7 {[%clk 0:04:08]} 25. Qg3 {
[%clk 0:03:37]} 25... Qf8 {[%clk 0:03:32]} 26. b5 {[%clk 0:03:11]} 26... axb5 {
[%clk 0:03:27]} 27. Bxb5 {[%clk 0:03:16]} 27... Rf3 {[%clk 0:03:27]} 28. Qg2 {
[%clk 0:03:15]} 1/2-1/2

[Event "DEM U10 2017"]
[Site "Willingen GER"]
[Date "2017.06.07"]
[Round "6"]
[White "Amato, Cristiano"]
[Black "Morczynski, Joachim"]
[Result "1/2-1/2"]
[Termination "normal"]
[Board "5"]
[WhiteElo "1505"]
[BlackElo "1645"]
[WhiteClock "00:44:23"]
[BlackClock "00:17:29"]
[PlyCount "150"]
[WhiteFideId "12998460"]
[BlackFideId "16209745"]
[EventCountry "GER"]
[EventRounds "11"]
[EventType "swiss"]
[EventDate "2017.06.03"]

1. e4 {[%clk 1:15:30]} 1... d6 {[%clk 1:15:30]} 2. d4 {[%clk 1:15:30]} 2... Nf6
{[%clk 1:15:30]} 3. Nc3 {[%clk 1:15:30]} 3... g6 {[%clk 1:15:30]} 4. f4 { [%clk
1:15:30]} 4... Bg7 {[%clk 1:15:30]} 5. Nf3 {[%clk 1:15:30]} 5... O-O { [%clk
1:15:30]} 6. e5 {[%clk 1:18:04]} 6... Nfd7 {[%clk 1:18:06]} 7. Bc4 { [%clk
1:18:25]} 7... e6 {[%clk 1:14:46]} 8. Be3 {[%clk 1:17:08]} 8... Nc6 { [%clk
1:14:16]} 9. O-O {[%clk 1:16:20]} 9... Qe7 {[%clk 1:11:45]} 10. Bb3 { [%clk
1:15:50]} 10... a5 {[%clk 1:09:39]} 11. a4 {[%clk 1:13:36]} 11... Nb6 { [%clk
1:06:57]} 12. d5 {[%clk 1:11:54]} 12... Nxd5 {[%clk 1:03:40]} 13. Bxd5 { [%clk
1:11:10]} 13... exd5 {[%clk 1:02:58]} 14. Nxd5 {[%clk 1:11:29]} 14... Qd8
{[%clk 1:03:01]} 15. Re1 {[%clk 1:03:20]} 15... dxe5 {[%clk 1:00:24]} 16. fxe5
{[%clk 1:03:11]} 16... Nxe5 {[%clk 0:59:25]} 17. Nxe5 {[%clk 1:01:06]} 17...
Bxe5 {[%clk 0:59:16]} 18. Bc5 {[%clk 1:00:19]} 18... Re8 {[%clk 0:56:11]} 19.
Rxe5 {[%clk 0:59:52]} 19... Be6 {[%clk 0:33:15]} 20. Qf3 {[%clk 0:58:12]} 20...
Kg7 {[%clk 0:30:39]} 21. Bd4 {[%clk 0:57:20]} 21... f6 {[%clk 0:29:42]} 22.
Qxf6+ {[%clk 0:55:58]} 22... Qxf6 {[%clk 0:29:43]} 23. Nxf6 {[%clk 0:56:23]}
23... Kxf6 {[%clk 0:29:46]} 24. Rae1 {[%clk 0:56:30]} 24... Kf7 {[%clk 0:29:14]
} 25. Rf1+ {[%clk 0:55:53]} 25... Kg8 {[%clk 0:27:56]} 26. Rf6 {[%clk 0:55:00]}
26... Bf7 {[%clk 0:27:32]} 27. Rxe8+ {[%clk 0:52:28]} 27... Rxe8 { [%clk
0:27:39]} 28. Bc3 {[%clk 0:52:33]} 28... b6 {[%clk 0:27:14]} 29. Rc6 { [%clk
0:52:35]} 29... Re7 {[%clk 0:27:01]} 30. Bf6 {[%clk 0:52:13]} 30... Be8 { [%clk
0:24:52]} 31. Bxe7 {[%clk 0:49:42]} 31... Bxc6 {[%clk 0:25:13]} 32. Bd8 { [%clk
0:49:44]} 32... Bxa4 {[%clk 0:25:17]} 33. b3 {[%clk 0:50:03]} 33... Bd7 { [%clk
0:24:56]} 34. Bxc7 {[%clk 0:50:22]} 34... Bf5 {[%clk 0:25:15]} 35. c3 { [%clk
0:50:44]} 35... Bc2 {[%clk 0:24:26]} 36. Bxb6 {[%clk 0:50:56]} 36... Bxb3
{[%clk 0:24:47]} 37. Bxa5 {[%clk 0:51:21]} 37... Kf7 {[%clk 0:24:53]} 38. Kf2 {
[%clk 0:51:45]} 38... Kf6 {[%clk 0:25:01]} 39. Bc7 {[%clk 0:51:52]} 39... Kf5 {
[%clk 0:25:00]} 40. Ke3 {[%clk 0:51:32]} 40... Bd5 {[%clk 0:24:07]} 41. g3 {
[%clk 0:51:49]} 41... Kg4 {[%clk 0:23:15]} 42. h4 {[%clk 0:50:41]} 42... g5 {
[%clk 0:20:37]} 43. hxg5 {[%clk 0:51:09]} 43... Kxg5 {[%clk 0:20:53]} 44. Bd8+
{[%clk 0:51:38]} 44... Kg4 {[%clk 0:20:57]} 45. Bh4 {[%clk 0:52:02]} 45... Be6
{[%clk 0:17:23]} 46. Kd4 {[%clk 0:51:03]} 46... Kf5 {[%clk 0:16:16]} 47. c4 {
[%clk 0:51:12]} 47... Bf7 {[%clk 0:15:21]} 48. Kc5 {[%clk 0:49:29]} 48... Ke4 {
[%clk 0:14:20]} 49. Kb5 {[%clk 0:48:15]} 49... Be8+ {[%clk 0:14:20]} 50. Kb4 {
[%clk 0:46:57]} 50... Ke5 {[%clk 0:13:18]} 51. Kc5 {[%clk 0:44:08]} 51... Bd7 {
[%clk 0:13:18]} 52. Bd8 {[%clk 0:43:35]} 52... Be8 {[%clk 0:12:23]} 53. Bc7+ {
[%clk 0:43:14]} 53... Ke6 {[%clk 0:12:20]} 54. Kb6 {[%clk 0:43:35]} 54... Kd7 {
[%clk 0:12:11]} 55. Kb7 {[%clk 0:41:49]} 55... Bf7 {[%clk 0:12:09]} 56. c5 {
[%clk 0:42:08]} 56... Bd5+ {[%clk 0:12:27]} 57. Kb6 {[%clk 0:42:26]} 57... Kc8
{[%clk 0:12:36]} 58. c6 {[%clk 0:42:14]} 58... Bf3 {[%clk 0:12:26]} 59. Bd6 {
[%clk 0:42:20]} 59... h5 {[%clk 0:12:38]} 60. Kc5 {[%clk 0:42:38]} 60... Bg4 {
[%clk 0:12:52]} 61. Be7 {[%clk 0:42:35]} 61... Bd1 {[%clk 0:12:48]} 62. Kd6 {
[%clk 0:42:07]} 62... Bg4 {[%clk 0:13:03]} 63. c7 {[%clk 0:41:50]} 63... Bd1 {
[%clk 0:13:22]} 64. Bd8 {[%clk 0:42:06]} 64... Bg4 {[%clk 0:13:44]} 65. Ke5 {
[%clk 0:42:29]} 65... Bd1 {[%clk 0:14:00]} 66. Kf4 {[%clk 0:42:44]} 66... Bg4 {
[%clk 0:14:15]} 67. Kg5 {[%clk 0:42:45]} 67... Bd1 {[%clk 0:14:35]} 68. Kf4 {
[%clk 0:42:23]} 68... Bg4 {[%clk 0:14:56]} 69. Kg5 {[%clk 0:42:32]} 69... Bd1 {
[%clk 0:15:20]} 70. Kf4 {[%clk 0:42:47]} 70... Bg4 {[%clk 0:15:41]} 71. Ke3 {
[%clk 0:43:07]} 71... Bd1 {[%clk 0:15:56]} 72. Kd2 {[%clk 0:43:29]} 72... Bg4 {
[%clk 0:16:21]} 73. Ke1 {[%clk 0:43:51]} 73... Bf3 {[%clk 0:16:43]} 74. Kf2 {
[%clk 0:44:15]} 74... Bg4 {[%clk 0:17:05]} 75. Kg2 {[%clk 0:44:23]} 75... Bd1 {
[%clk 0:17:29]} 1/2-1/2

[Event "DEM U10 2017"]
[Site "Willingen GER"]
[Date "2017.06.07"]
[Round "6"]
[White "Schwartz, Oliver"]
[Black "Ehrig, Leon Chris"]
[Result "1/2-1/2"]
[Termination "normal"]
[Board "6"]
[WhiteElo "1517"]
[BlackElo "1484"]
[WhiteClock "01:07:01"]
[BlackClock "01:03:06"]
[PlyCount "46"]
[WhiteFideId "16207459"]
[BlackFideId "16244796"]
[EventCountry "GER"]
[EventRounds "11"]
[EventType "swiss"]
[EventDate "2017.06.03"]

1. e4 {[%clk 1:15:59]} 1... e5 {[%clk 1:15:47]} 2. Nf3 {[%clk 1:16:24]} 2...
Nc6 {[%clk 1:16:11]} 3. Bc4 {[%clk 1:16:49]} 3... Bc5 {[%clk 1:16:36]} 4. O-O {
[%clk 1:17:14]} 4... Nf6 {[%clk 1:16:54]} 5. d4 {[%clk 1:17:33]} 5... Bxd4 {
[%clk 1:17:05]} 6. Nxd4 {[%clk 1:17:35]} 6... Nxd4 {[%clk 1:17:22]} 7. f4 {
[%clk 1:17:41]} 7... d6 {[%clk 1:17:45]} 8. fxe5 {[%clk 1:17:57]} 8... dxe5 {
[%clk 1:18:01]} 9. Bg5 {[%clk 1:17:54]} 9... Be6 {[%clk 1:17:50]} 10. Nd2 {
[%clk 1:17:38]} 10... Qe7 {[%clk 1:18:05]} 11. c3 {[%clk 1:17:25]} 11... Nc6 {
[%clk 1:18:15]} 12. Bxe6 {[%clk 1:16:03]} 12... Qxe6 {[%clk 1:17:39]} 13. Bxf6
{[%clk 1:16:06]} 13... gxf6 {[%clk 1:18:03]} 14. Nb3 {[%clk 1:16:18]} 14... b6
{[%clk 1:16:29]} 15. Qf3 {[%clk 1:15:00]} 15... Ke7 {[%clk 1:15:00]} 16. Rf2 {
[%clk 1:12:40]} 16... Rhg8 {[%clk 1:11:57]} 17. Nd2 {[%clk 1:10:02]} 17... Nb8
{[%clk 1:10:30]} 18. Nf1 {[%clk 1:08:12]} 18... Nd7 {[%clk 1:10:21]} 19. Ne3 {
[%clk 1:08:21]} 19... c6 {[%clk 1:09:32]} 20. Rd1 {[%clk 1:08:17]} 20... Qxa2 {
[%clk 1:03:58]} 21. Nf5+ {[%clk 1:07:50]} 21... Ke8 {[%clk 1:03:30]} 22. Nd6+ {
[%clk 1:07:24]} 22... Ke7 {[%clk 1:03:22]} 23. Nf5+ {[%clk 1:07:01]} 23... Ke8
{[%clk 1:03:06]} 1/2-1/2

[Event "DEM U10 2017"]
[Site "Willingen GER"]
[Date "2017.06.07"]
[Round "6"]
[White "Deuer, Marius"]
[Black "Fuhrmann, Bahne"]
[Result "1-0"]
[Termination "normal"]
[Board "7"]
[WhiteElo "1698"]
[BlackElo "1365"]
[WhiteClock "00:48:22"]
[BlackClock "00:36:56"]
[PlyCount "35"]
[WhiteFideId "16236432"]
[BlackFideId "16244842"]
[EventCountry "GER"]
[EventRounds "11"]
[EventType "swiss"]
[EventDate "2017.06.03"]

1. e4 {[%clk 1:15:58]} 1... c5 {[%clk 1:15:56]} 2. Nf3 {[%clk 1:16:24]} 2... e6
{[%clk 1:16:21]} 3. c3 {[%clk 1:16:48]} 3... Nf6 {[%clk 1:15:16]} 4. e5 { [%clk
1:16:08]} 4... Nd5 {[%clk 1:15:37]} 5. d4 {[%clk 1:15:03]} 5... Nc6 { [%clk
1:13:51]} 6. c4 {[%clk 1:09:47]} 6... Nb6 {[%clk 1:11:08]} 7. d5 { [%clk
1:07:50]} 7... Ne7 {[%clk 1:10:08]} 8. d6 {[%clk 1:05:47]} 8... Nf5 { [%clk
1:06:00]} 9. Nc3 {[%clk 1:04:49]} 9... f6 {[%clk 0:58:44]} 10. Nb5 { [%clk
1:03:47]} 10... Kf7 {[%clk 0:55:03]} 11. Bd3 {[%clk 0:57:34]} 11... a6 { [%clk
0:50:16]} 12. Nc7 {[%clk 0:55:13]} 12... Rb8 {[%clk 0:48:33]} 13. Bxf5 { [%clk
0:50:49]} 13... exf5 {[%clk 0:47:31]} 14. b4 {[%clk 0:50:44]} 14... g6 { [%clk
0:36:59]} 15. bxc5 {[%clk 0:48:54]} 15... Na8 {[%clk 0:37:11]} 16. Qd5+ { [%clk
0:47:35]} 16... Kg7 {[%clk 0:37:27]} 17. exf6+ {[%clk 0:47:57]} 17... Qxf6
{[%clk 0:36:56]} 18. Ne8# {[%clk 0:48:22]} 1-0